Estadísticas para Países con el Mayor Número de Musulmanes

Haz click aquí para intentar la prueba.

Estadísticas generales

  • Esta prueba ha sido intentada 2.623 veces
    (951 desde el último reinicio)
  • La puntuación promedio es 16 de 20

Estadísticas de respuestas

# de Musulmanes%País% Correcto
35,2 M96,2Arabia Saudita
94%
37,8 M99,0Marruecos
94%
88,2 M99,4Irán
93%
103 M92,4Egipto
92%
207 M14,6India
91%
43,4 M96,5Irak
90%
44,7 M99,0Argelia
89%
229 M96,5Pakistán
89%
80,0 M93,5Turquía
85%
24,7 M1,73China
81%
41,4 M99,7Afganistán
80%
239 M86,7Indonesia
79%
26,1 M98,3Niger
76%
45,4 M96,0Sudán
75%
118 M53,5Nigeria
72%
33,0 M97,2Yemen
72%
156 M91,0Bangladés
69%
39,0 M31,3Etiopía
60%
30,9 M88,7Uzbekistán
49%
23,3 M35,2Tanzania
40%

Distribución de puntuación

Porcentaje por número respondido

Porcentaje de gente con cada puntuación

Historial de tus puntuaciones

No has intentado esta prueba desde el último reinicio